000 00264nam a22000977a 4500
008 221010b |||||||| |||| 00| 0 eng d
020 _a9781408855652
100 _aRowling.J.K
245 _aHarry Potter and the Philosopher's Stone
260 _aLondon
_bBloomsburt
_c2022
999 _c12066
_d12066